Ballon D'Or Winners: True or False #2 - Statistics

General Stats
  • This quiz has been taken 127 times
  • The average score is 13 of 15
Answer Stats
Question Answer % Correct
Virgil van Dijk False
100%
David Beckham False
100%
Robert Lewandowski False
100%
Kaká True
100%
Ronaldo Nazário True
100%
Franz Beckenbauer True
94%
Fabio Cannavaro True
94%
Deco False
88%
Emilio Butragueño False
88%
Alan Shearer False
88%
Eusébio True
88%
Kenny Dalglish False
81%
Just Fontaine False
81%
Ruud Gullit True
69%
Igor Belanov True
50%
No matching quizzes found
Score Distribution
Percent of People with Each Score
Percentile by Number Answered
Your Score History
You have not taken this quiz